The origins of the World War / (Registro nro. 62150)

Detalles MARC
000 -LEADER
campo de control de longitud fija 00576nam a2200181 i 4500
001 - NÚMERO DE CONTROL
campo de control 62150
003 - IDENTIFICADOR DE NÚMERO DE CONTROL
campo de control ES-MaACL
005 - FECHA Y HORA DE LA ÚLTIMA TRANSACCIÓN
campo de control 20230906164621.0
007 - CAMPO FIJO DE DESCRIPCIÓN FÍSICA--INFORMACIÓN GENERAL
campo de control de longitud fija t|
008 - DATOS DE LONGITUD FIJA--INFORMACIÓN GENERAL
campo de control de longitud fija 031118s1948 xxu ||||1| eng d
100 1# - ENTRADA PRINCIPAL--NOMBRE DE PERSONA
Nombre de persona Fay, Sidney Bradshaw.
9 (RLIN) 49016
245 14 - MENCIÓN DEL TÍTULO
Título The origins of the World War /
Mención de responsabilidad, etc. by Sidney Bradshaw Fay.
250 ## - MENCION DE EDICION
Mención de edición 2nd ed. rev.
260 ## - PUBLICACIÓN, DISTRIBUCIÓN, ETC.
Lugar de publicación, distribución, etc. New York :
Nombre del editor, distribuidor, etc. Macmillan Company,
Fecha de publicación, distribución, etc. 1948 (
Fabricante J.J. Little and Ives)
300 ## - DESCRIPCIÓN FÍSICA
Extensión 2 t. en 1 v., 13 lám. ;
Dimensiones 21 cm.
650 #4 - PUNTO DE ACCESO ADICIONAL DE MATERIA--TÉRMINO DE MATERIA
Término de materia o nombre geográfico como elemento de entrada Guerra mundial, 1914-1918-
Subdivisión general Causas y antecedentes.
9 (RLIN) 13216
852 4# - LOCALIZACIÓN
Ubicación ES-MaACL
Número de control de estantería B-12786
Existencias
Estatus retirado Estado de pérdida Estado de daño No para préstamo Biblioteca de origen Biblioteca actual Ubicación en estantería Fecha de adquisición Fuente de adquisición Total de préstamos Signatura topográfica completa Código de barras Visto por última vez Precio de reemplazo Tipo de ítem Koha
        Biblioteca del Ateneo de Madrid Biblioteca del Ateneo de Madrid Sala Pardo Bazán 17/01/2008     B-12786 1065157 23/02/2023 23/02/2023 Libro impreso